000 00581nam a2200193Ia 4500
003 GCL
008 140319s9999 xx 000 0 ara d
040 _aGCL /
_cGCL
082 0 4 _a254.1
_bح ز
100 1 _aحسن شلقامى
245 1 0 _aالزواج العرفى بين الشريعة والقانون /
_cحسن شلقامى
300 _a127 ص
490 _a
650 0 4 _aالزواج
650 0 4 _aالاحوال الشخصية للمسلمين
650 0 4 _aالزواج - قوانين وتشريعات
650 0 4 _aالزواج العرفى
942 _2ddc
_cBK
999 _c52300
_d52300